Statistics for Top 15 Fifa 16 Argentina Players includes specials

Click here to take the quiz!

General Stats

  • This quiz has been taken 114 times
  • The average score is 7 of 15

Answer Stats

PositionRatingClubAnswer% Correct
RW94BarcelonaMessi
99%
ST87Man CityAguero
89%
CAM85PSGDi Maria
77%
ST86Boca JuniorsTevez
62%
CB84Man CityOtamendi
49%
CM84PSGPastore
46%
RB88LegendsZanetti
40%
RW99BarcelonaToty Messi
38%
ST87LegendsCrespo
36%
ST88Man CityHero Aguero
27%
ST86 | 87NapoliTotw Higuain
24%
RW86 | 87PSGTotw Di Maria
23%
ST85Man CityTotw Otamendi
6%

Score Distribution

Percentile by Number Answered

Percent of People with Each Score

Your Score History

You have not taken this quiz